| 000 | 00743nam a2200217 a 4500 | ||
|---|---|---|---|
| 999 |
_c995 _d995 |
||
| 001 | 995 | ||
| 003 | BD-JhCC | ||
| 005 | 20171012130243.0 | ||
| 008 | 171012s2002 ii |||| |||| 00| 0 ben d | ||
| 035 | _a(BD-JhCC)995 | ||
| 040 |
_aBD-JhCC _dBD-JhCC |
||
| 041 | _aben | ||
| 082 |
_a820.9 _bCHA 2002 |
||
| 100 | _aচট্রোপাধ্যায়, কুন্তল | ||
| 245 |
_aইংরাজী সাহিত্যের ইতিহাস / _cকুন্তল চট্রোপাধ্যায় |
||
| 260 |
_aইন্ডিয়াঃ _bরত্নাবলী প্রকাশনী, _c2002 |
||
| 300 |
_a359 P. : _c21 cm. |
||
| 650 |
_aEnglish literature _xHistory and Critisiam |
||
| 942 |
_2ddc _cBK |
||